চারণ কবি পাগলা কানাই / (Record no. 12345)
[ view plain ]
| 000 -LEADER | |
|---|---|
| fixed length control field | 00744nam a2200241 a 4500 |
| 001 - CONTROL NUMBER | |
| JCCL Control Number | 12345 |
| 003 - CONTROL NUMBER IDENTIFIER | |
| JCCL marc code | BD-JhCC |
| 005 - DATE AND TIME OF LATEST TRANSACTION | |
| control field | 20211102102158.0 |
| 008 - FIXED-LENGTH DATA ELEMENTS--GENERAL INFORMATION | |
| fixed length control field | 211102b1423 bg |||| ||a| 000 0 Ben d |
| 020 ## - INTERNATIONAL STANDARD BOOK NUMBER | |
| International Standard Book Number | 9789848965641 |
| 035 ## - SYSTEM CONTROL NUMBER | |
| system control number | (BD-JhCC)12345 |
| 040 ## - CATALOGING SOURCE | |
| Original cataloging agency | BD-JhCC |
| Modifying agency | BD-JhCC |
| 041 ## - LANGUAGE CODE | |
| Language code of Book | Bengali |
| 082 ## - DEWEY DECIMAL CLASSIFICATION NUMBER | |
| Classification number | 927 |
| Author mark and Year | MIN 1423 |
| 100 ## - MAIN ENTRY--PERSONAL NAME | |
| Personal name | মিন্টু, মুহ. মু’তাছিম |
| 245 ## - TITLE STATEMENT | |
| Title | চারণ কবি পাগলা কানাই / |
| Statement of responsibility, etc | মুহ. মু’তাছিম মিন্টু। |
| 260 ## - PUBLICATION, DISTRIBUTION, ETC. (IMPRINT) | |
| Place of publication, distribution, etc | ঢাকা: |
| Name of publisher, distributor, etc | বেগবতী প্রকাশনী; |
| Date of publication, distribution, etc | ১৪২৩. |
| 300 ## - PHYSICAL DESCRIPTION | |
| Pagination | 416 p. : |
| Dimensions | 22 cm. |
| 650 ## - SUBJECT ADDED ENTRY--TOPICAL TERM | |
| Topical term or geographic name as entry element | pagla kani |
| 650 ## - SUBJECT ADDED ENTRY--TOPICAL TERM | |
| Topical term or geographic name as entry element | Musian |
| 942 ## - ADDED ENTRY ELEMENTS (KOHA) | |
| Source of classification or shelving scheme | Dewey Decimal Classification |
| Koha item type | Books |
| Source of classification or shelving scheme | Damaged status | Not for loan | Home library | Current library | Shelving location | Date of accession | Cost, normal purchase price | Total Checkouts | Full call number | Barcode | Date last seen | Copy number | Koha item type |
|---|---|---|---|---|---|---|---|---|---|---|---|---|---|
| Dewey Decimal Classification | JCC Rouf Library | JCC Rouf Library | General Stacks | 07/12/2020 | 510.00 | 927 MIN 1423 | 16662 | 11/02/2021 | C-1 | Books |